[Event "AUT-ch Blitz"]
[Site "Innsbruck"]
[Date "2025.06.21"]
[Round "5"]
[White "Diermair, Andreas"]
[Black "Blohberger, Felix"]
[Result "0-1"]
[WhiteElo "2451"]
[BlackElo "2510"]
[PlyCount "76"]
[EventDate "2025.06.21"]
[EventType "swiss (blitz)"]
[EventRounds "11"]
[EventCountry "AUT"]
[SourceTitle "CB26_2025"]
[SourceDate "2025.06.25"]
[SourceVersion "1"]
[SourceVersionDate "2025.06.25"]
[SourceQuality "1"]

1. d4 Nf6 2. Nf3 e6 3. g3 b5 4. Bg2 Bb7 5. 0-0 c5 6. Na3 a6 7. c4 b4 8. Nc2 cxd4 9. a3 bxa3 10. b3 Qb6 11. Ncxd4 Nc6 12. Nxc6 Bxc6 13. Bxa3 Bxa3 14. Rxa3 0-0 15. Qd4 Rfb8 16. Qxb6 Rxb6 17. Nd2 Bxg2 18. Kxg2 Kf8 19. Rfa1 Ke7 20. f4 d6 21. Kf3 Nd7 22. e4 Nc5 23. Ke3 Rab8 24. Rb1 a5 25. Kd4 a4 26. Kc3 axb3 27. Ra7+ R8b7 28. Rxb7+ Rxb7 29. e5 dxe5 30. fxe5 b2 31. Kd4 Nb3+ 32. Nxb3 Rxb3 33. Kc5 Kd7 34. Rd1+ Kc7 35. Rb1 h5 36. h4 Rb8 37. Kd4 Kc6 38. Kc3 Kc5 0-1

[Event "AUT-ch Blitz"]
[Site "Innsbruck"]
[Date "2025.06.21"]
[Round "3"]
[White "Diermair, Andreas"]
[Black "Breneis, Lukas"]
[Result "1-0"]
[WhiteElo "2451"]
[BlackElo "2253"]
[PlyCount "109"]
[EventDate "2025.06.21"]
[EventType "swiss (blitz)"]
[EventRounds "11"]
[EventCountry "AUT"]
[SourceTitle "CB26_2025"]
[SourceDate "2025.06.25"]
[SourceVersion "1"]
[SourceVersionDate "2025.06.25"]
[SourceQuality "1"]

1. d4 Nf6 2. Nf3 b6 3. g3 Bb7 4. Bg2 g6 5. 0-0 Bg7 6. c4 0-0 7. d5 Ne4 8. Qc2 Nc5 9. Nc3 a5 10. e4 Ba6 11. Qe2 d6 12. Rd1 Nbd7 13. Nd4 Qe8 14. Ncb5 Bxb5 15. Nxb5 Rc8 16. Rb1 e6 17. b3 exd5 18. cxd5 f5 19. Re1 fxe4 20. Bxe4 Nxe4 21. Qxe4 Qxe4 22. Rxe4 Nc5 23. Re2 Rce8 24. Be3 Rf7 25. Rc2 Bf6 26. a3 Bd8 27. b4 axb4 28. axb4 Ne4 29. Rbc1 Nf6 30. Rd1 Re5 31. Rcd2 Kg7 32. Bd4 Re8 33. f3 h6 34. Kg2 g5 35. Kf2 Kg6 36. Bxf6 Bxf6 37. Rc2 Ree7 38. Rdc1 g4 39. Rxc7 gxf3 40. Rxe7 Bxe7 41. Rc7 Bf6 42. Rxf7 Kxf7 43. Kxf3 Be5 44. Ke4 Kg6 45. Nc7 Kg5 46. Kf3 Kf5 47. g4+ Kf6 48. h4 Ke7 49. Ke4 Bf6 50. h5 Be5 51. Kf5 Bc3 52. b5 Bd2 53. Ne6 Bc1 54. Kg6 Bd2 55. Ng7 1-0

[Event "AUT-ch Blitz"]
[Site "Innsbruck"]
[Date "2025.06.21"]
[Round "4"]
[White "Dragnev, Valentin"]
[Black "Diermair, Andreas"]
[Result "1/2-1/2"]
[WhiteElo "2547"]
[BlackElo "2451"]
[PlyCount "62"]
[EventDate "2025.06.21"]
[EventType "swiss (blitz)"]
[EventRounds "11"]
[EventCountry "AUT"]
[SourceTitle "CB26_2025"]
[SourceDate "2025.06.25"]
[SourceVersion "1"]
[SourceVersionDate "2025.06.25"]
[SourceQuality "1"]

1. e4 e5 2. Nf3 Nc6 3. Bc4 Nf6 4. d3 Bc5 5. a4 a5 6. Be3 Ba7 7. Nc3 d6 8. h3 Be6 9. 0-0 Bxc4 10. dxc4 Ne7 11. Bxa7 Rxa7 12. c5 Ra8 13. cxd6 cxd6 14. Qe2 0-0 15. Rfd1 Ng6 16. g3 Ra6 17. Nb5 Rc6 18. Kg2 Qd7 19. c4 Nh5 20. Kh2 f5 21. Ra3 Qe6 22. Ng5 Qxc4 23. Qxh5 h6 24. Qxg6 hxg5 25. Qxg5 fxe4 26. Rd2 Qf1 27. Rc3 Rxf2+ 28. Rxf2 Qxf2+ 29. Kh1 Qf1+ 30. Kh2 Qf2+ 31. Kh1 Qf1+ 1/2-1/2

[Event "AUT-ch Blitz"]
[Site "Innsbruck"]
[Date "2025.06.21"]
[Round "6"]
[White "Wohlfahrt, Herbert J"]
[Black "Diermair, Andreas"]
[Result "0-1"]
[WhiteElo "2362"]
[BlackElo "2451"]
[PlyCount "63"]
[EventDate "2025.06.21"]
[EventType "swiss (blitz)"]
[EventRounds "11"]
[EventCountry "AUT"]
[SourceTitle "CB26_2025"]
[SourceDate "2025.06.25"]
[SourceVersion "1"]
[SourceVersionDate "2025.06.25"]
[SourceQuality "1"]

1. Nf3 d5 2. c4 d4 3. b4 g5 4. d3 h6 5. Bb2 Bg7 6. e4 e5 7. Be2 Ne7 8. Nfd2 Nd7 9. c5 a5 10. a3 axb4 11. axb4 Rxa1 12. Bxa1 Ng6 13. g3 b5 14. cxb6 Nxb6 15. Na3 0-0 16. Nac4 Nxc4 17. Nxc4 f5 18. exf5 Bxf5 19. Bg4 Qf6 20. 0-0 Ne7 21. Qe2 Bg6 22. Nd2 Kh8 23. Ne4 Qb6 24. Rb1 Nd5 25. b5 Ra8 26. Bd7 Ra3 27. Bc6 Nc3 28. Bxc3 dxc3 29. Rc1 Qa5 30. Qc2 Qa7 31. Nxc3 e4 32. Nxe4 0-1

[Event "AUT-ch Rapid"]
[Site "Innsbruck"]
[Date "2025.06.20"]
[Round "5"]
[White "Vrban, Damir"]
[Black "Diermair, Andreas"]
[Result "0-1"]
[WhiteElo "2154"]
[BlackElo "2451"]
[PlyCount "32"]
[EventDate "2025.06.19"]
[EventType "swiss (rapid)"]
[EventRounds "9"]
[EventCountry "AUT"]
[SourceTitle "CB26_2025"]
[SourceDate "2025.06.25"]
[SourceVersion "1"]
[SourceVersionDate "2025.06.25"]
[SourceQuality "1"]

1. f4 d5 2. Nf3 Bg4 3. Ne5 Bf5 4. c4 dxc4 5. Nc3 Nf6 6. e4 Nxe4 7. Qa4+ c6 8. Bxc4 Nd6 9. Qb3 Nxc4 10. Qxb7 Nxe5 11. Qxa8 Nd3+ 12. Kf1 Qb6 13. Nd1 e6 14. a4 a5 15. g4 Be4 16. Rg1 Bd6 0-1

[Event "EU-ch Blitz"]
[Site "Skopje"]
[Date "2024.12.09"]
[Round "12"]
[White "Diermair, Andreas"]
[Black "Avramidou, Anastasia"]
[Result "1-0"]
[WhiteElo "2433"]
[BlackElo "2298"]
[PlyCount "75"]
[EventDate "2024.12.09"]
[EventType "swiss (blitz)"]
[EventRounds "13"]
[EventCountry "MKD"]
[SourceTitle "CB50_2024"]
[SourceDate "2024.11.01"]
[SourceVersion "1"]
[SourceVersionDate "2024.11.01"]
[SourceQuality "2"]

1. d4 Nf6 2. Nf3 g6 3. g3 Bg7 4. Bg2 0-0 5. 0-0 d5 6. c4 Nc6 7. cxd5 Nxd5 8. Nc3 Nxc3 9. bxc3 e5 10. e3 Re8 11. Rb1 e4 12. Nd2 f5 13. f3 exf3 14. Nxf3 h6 15. Nh4 Kh7 16. Qc2 Qd6 17. e4 fxe4 18. Bxe4 Ne7 19. Bf4 Qa6 20. Rfe1 Rf8 21. Bd3 Qf6 22. Rxe7 Qxe7 23. Nxg6 Qf6 24. Nxf8+ Kg8 25. Ng6 Be6 26. Be5 Qf7 27. Rf1 Qd7 28. Bxg7 Qxg7 29. Nf4 Bf7 30. Bg6 Bc4 31. Re1 Rf8 32. Qe4 Kh8 33. Ne6 Bxe6 34. Qxe6 c5 35. Qe5 cxd4 36. cxd4 Rd8 37. d5 b5 38. Qe8+ 1-0

[Event "EU-ch Blitz"]
[Site "Skopje"]
[Date "2024.12.09"]
[Round "8"]
[White "Diermair, Andreas"]
[Black "Kozul, Zdenko"]
[Result "1-0"]
[WhiteElo "2433"]
[BlackElo "2519"]
[PlyCount "44"]
[EventDate "2024.12.09"]
[EventType "swiss (blitz)"]
[EventRounds "13"]
[EventCountry "MKD"]
[SourceTitle "CB50_2024"]
[SourceDate "2024.11.01"]
[SourceVersion "1"]
[SourceVersionDate "2024.11.01"]
[SourceQuality "2"]

1. c4 Nf6 2. d4 g6 3. g3 c6 4. Bg2 d5 5. Nf3 Bg7 6. 0-0 0-0 7. b3 Bf5 8. Bb2 Nbd7 9. e3 e6 10. Qe2 a5 11. Nc3 Ne4 12. Nh4 Nd6 13. Rac1 Re8 14. Ba3 Nf6 15. Rfd1 Nfe4 16. Nxe4 dxe4 17. d5 exd5 18. Bxd6 Qxd6 19. Nxf5 gxf5 20. cxd5 cxd5 21. Qb5 Red8 22. Bh3 Qe6 1-0

[Event "EU-ch Blitz"]
[Site "Skopje"]
[Date "2024.12.09"]
[Round "3"]
[White "Tudor, Henry Edward"]
[Black "Diermair, Andreas"]
[Result "0-1"]
[WhiteElo "2375"]
[BlackElo "2433"]
[PlyCount "70"]
[EventDate "2024.12.09"]
[EventType "swiss (blitz)"]
[EventRounds "13"]
[EventCountry "MKD"]
[SourceTitle "CB50_2024"]
[SourceDate "2024.11.01"]
[SourceVersion "1"]
[SourceVersionDate "2024.11.01"]
[SourceQuality "2"]

1. d4 Nf6 2. c4 e6 3. Nc3 Bb4 4. e3 c5 5. Nge2 d5 6. a3 Ba5 7. dxc5 dxc4 8. Bd2 Nbd7 9. Qa4 0-0 10. Nd4 e5 11. Nf3 Nxc5 12. Qxc4 Bb6 13. Rd1 Be6 14. Qh4 Bb3 15. Rc1 Re8 16. Qb4 Rc8 17. a4 a5 18. Qa3 Nd5 19. Bb5 Nb4 20. 0-0 Re6 21. Qa1 h5 22. Qb1 e4 23. Nd4 Re5 24. Nxe4 Bd5 25. Nxc5 Bxc5 26. Bxb4 axb4 27. Be2 Bxd4 28. Rxc8 Qxc8 29. Bxh5 Rxh5 30. exd4 Bxg2 31. Re1 Bc6 32. Re3 Rg5+ 33. Rg3 Rxg3+ 34. hxg3 Qh3 35. Qf1 Qh1# 0-1

[Event "EU-ch Rapid"]
[Site "Skopje"]
[Date "2024.12.08"]
[Round "7"]
[White "Herega, Nejc"]
[Black "Diermair, Andreas"]
[Result "0-1"]
[WhiteElo "2249"]
[BlackElo "2433"]
[PlyCount "104"]
[EventDate "2024.12.07"]
[EventType "swiss (rapid)"]
[EventRounds "11"]
[EventCountry "MKD"]
[SourceTitle "CB50_2024"]
[SourceDate "2024.11.01"]
[SourceVersion "1"]
[SourceVersionDate "2024.11.01"]
[SourceQuality "2"]

1. d4 Nf6 2. c4 e6 3. Nc3 Bb4 4. e3 c5 5. Nge2 d5 6. a3 Ba5 7. cxd5 cxd4 8. Qxd4 exd5 9. g3 Nc6 10. Qd1 Bg4 11. Bg2 Bxc3+ 12. bxc3 Ne5 13. h3 Bf3 14. 0-0 0-0 15. Bxf3 Nxf3+ 16. Kg2 Ne5 17. Qd4 Nc6 18. Qf4 Re8 19. Rd1 Re4 20. Qf5 g6 21. Qg5 Kg7 22. Nd4 Qd7 23. f3 Re5 24. Qf4 g5 25. Nxc6 gxf4 26. Nxe5 Qa4 27. Bd2 fxg3 28. Rac1 Re8 29. Nd3 Nh5 30. Nb4 a5 31. Nc2 Qh4 32. Nd4 Qg5 33. Rb1 Qg6 34. Rxb7 Qd3 35. Rbb1 h6 36. a4 Kh7 37. Rb7 Kg8 38. Rbb1 Kh7 39. Rb7 Rxe3 40. Bxe3 Qxe3 41. Rb2 Qxc3 42. Rbd2 Qe3 43. Nc2 Qg5 44. Kg1 Nf4 45. Ne1 Nxh3+ 46. Kf1 Nf4 47. Ng2 Qh5 48. Nxf4 Qxf3+ 49. Kg1 Qxf4 50. Kg2 h5 51. Rxd5 Qf2+ 52. Kh3 Qh2# 0-1

[Event "EU-Cup 39th"]
[Site "Vrnjacka Banja"]
[Date "2024.10.22"]
[Round "3.2"]
[White "Diermair, Andreas"]
[Black "Cardon, Helmut"]
[Result "1-0"]
[WhiteElo "2429"]
[BlackElo "2344"]
[PlyCount "72"]
[EventDate "2024.10.20"]
[EventType "team-swiss"]
[EventRounds "7"]
[EventCountry "SRB"]
[SourceTitle "CB44_2024"]
[Source "Chessbase"]
[SourceDate "2024.10.30"]
[SourceVersion "1"]
[SourceVersionDate "2024.10.30"]
[SourceQuality "1"]
[WhiteTeam "Raika Feffernitz"]
[BlackTeam "Bruges"]
[WhiteTeamCountry "AUT"]
[BlackTeamCountry "BEL"]

1. Nf3 Nf6 2. g3 d5 3. Bg2 c6 4. 0-0 Bf5 5. c4 e6 6. Qb3 Qb6 7. d3 Nbd7 8. cxd5 exd5 9. Qc2 Be7 10. Nc3 h6 11. e4 dxe4 12. dxe4 Bh7 13. Qe2 Nc5 14. Rd1 Ncxe4 15. Nxe4 Bxe4 16. Nh4 Bxg2 17. Kxg2 g6 18. Be3 Qb4 19. Rd4 Qa5 20. Bd2 Qh5 21. Nf3 Kf8 22. Rh4 Qc5 23. Rc1 Qd6 24. Bxh6+ Kg8 25. Bf4 Qd8 26. Rxh8+ Kxh8 27. Be5 Kg8 28. h4 Qd7 29. Rd1 Qe6 30. Ng5 Qf5 31. Rd3 Nd7 32. Bc3 Bxg5 33. hxg5 Nb6 34. Re3 Rf8 35. Re5 Qd7 36. Qe4 Nc8 1-0

[Event "Isola del Sole op 3rd"]
[Site "Grado"]
[Date "2024.10.02"]
[Round "8"]
[White "Diermair, Andreas"]
[Black "Akhvlediani, Irakli"]
[Result "1/2-1/2"]
[WhiteElo "2429"]
[BlackElo "2360"]
[PlyCount "50"]
[EventDate "2024.09.26"]
[EventType "swiss"]
[EventRounds "9"]
[EventCountry "ITA"]
[SourceTitle "EXT 2025"]
[Source "ChessBase"]
[SourceDate "2024.10.14"]
[SourceVersion "1"]
[SourceVersionDate "2024.10.14"]
[SourceQuality "1"]

1. c4 Nf6 2. Nc3 g6 3. d4 Bg7 4. e4 d6 5. h3 0-0 6. Be3 c5 7. Nf3 cxd4 8. Nxd4 Nc6 9. Be2 Nxd4 10. Bxd4 Bd7 11. 0-0 Bc6 12. Qc2 a5 13. Rad1 Nd7 14. Bxg7 Kxg7 15. Bg4 Nc5 16. e5 f5 17. Be2 f4 18. Nd5 dxe5 19. Nxf4 Qc7 20. Nd5 Bxd5 21. cxd5 Qd6 22. Qc3 Rf4 23. g3 Rf6 24. Qe3 Raf8 25. Rd2 b6 1/2-1/2

[Event "Grado op 3rd"]
[Site "Grado"]
[Date "2024.09.29"]
[Round "5"]
[White "Diermair, Andreas"]
[Black "Perossa, Nicolas"]
[Result "1/2-1/2"]
[WhiteElo "2429"]
[BlackElo "2187"]
[PlyCount "172"]
[EventDate "2024.09.26"]
[EventType "swiss"]
[EventRounds "5"]
[EventCountry "ITA"]
[SourceTitle "EXT 2025"]
[Source "ChessBase"]
[SourceDate "2024.10.14"]
[SourceVersion "1"]
[SourceVersionDate "2024.10.14"]
[SourceQuality "1"]

1. Nf3 d5 2. g3 Nf6 3. Bg2 e6 4. 0-0 Be7 5. c4 0-0 6. b3 c5 7. cxd5 exd5 8. d4 b6 9. Nc3 Bb7 10. Bb2 Nc6 11. Rc1 Re8 12. e3 Rc8 13. Re1 Bf8 14. Ne2 Ne4 15. Nf4 Ne7 16. dxc5 bxc5 17. Nd2 Nc6 18. Nxd5 Nxd2 19. Qxd2 Nb4 20. Rcd1 Bxd5 21. Bxd5 Nxd5 22. Qxd5 Qa5 23. a3 Qa6 24. e4 c4 25. bxc4 Rxc4 26. Rc1 Rxc1 27. Rxc1 Qe2 28. Rc7 Qf3 29. Qf5 Qxf5 30. exf5 Rb8 31. Be5 Rb1+ 32. Kg2 f6 33. Bd4 Bxa3 34. Rxa7 Bf8 35. g4 Rb4 36. Rd7 Rc4 37. Rd5 Rc6 38. Be3 h6 39. h4 Be7 40. Rb5 Rc4 41. Kf3 Rb4 42. Rd5 Rc4 43. Rd7 Kf8 44. Rd5 h5 45. g5 Rxh4 46. g6 Rc4 47. Ra5 Rc8 48. Kg3 Kg8 49. Kh4 Bf8 50. Kxh5 Re8 51. Kg4 Kh8 52. Rb5 Kg8 53. Kf3 Kh8 54. Ke2 Rd8 55. Bf4 Kg8 56. Ke3 Ba3 57. Bc7 Rc8 58. Rb7 Bc5+ 59. Ke4 Re8+ 60. Kd5 Bf8 61. Kc6 Re2 62. Rb8 Rc2+ 63. Kb7 Rxf2 64. Rd8 Rb2+ 65. Ka6 Ra2+ 66. Kb5 Rb2+ 67. Ka4 Ra2+ 68. Kb3 Ra6 69. Rb8 Rc6 70. Bd8 Rc1 71. Ra8 Re1 72. Bc7 Rd1 73. Kc2 Rd5 74. Ba5 Rd4 75. Bc3 Rc4 76. Kd3 Rf4 77. Bd2 Rf3+ 78. Kc4 Rxf5 79. Kd3 Rd5+ 80. Kc2 Rd4 81. Bc1 Rg4 82. Ba3 Rxg6 83. Rxf8+ Kh7 84. Bd6 Rg5 85. Bf4 Rf5 86. Be3 Rd5 1/2-1/2

[Event "Grado op 3rd"]
[Site "Grado"]
[Date "2024.09.26"]
[Round "1"]
[White "Diermair, Andreas"]
[Black "Belli, Giorgio"]
[Result "0-1"]
[WhiteElo "2429"]
[BlackElo "2168"]
[PlyCount "86"]
[EventDate "2024.09.26"]
[EventType "swiss"]
[EventRounds "5"]
[EventCountry "ITA"]
[SourceTitle "EXT 2025"]
[Source "ChessBase"]
[SourceDate "2024.10.14"]
[SourceVersion "1"]
[SourceVersionDate "2024.10.14"]
[SourceQuality "1"]

1. Nf3 Nf6 2. c4 e6 3. g3 d5 4. Bg2 Be7 5. d4 0-0 6. Nc3 dxc4 7. Ne5 Nc6 8. Bxc6 bxc6 9. Nxc6 Qe8 10. Nxe7+ Qxe7 11. Qa4 Nd5 12. Qxc4 a5 13. Ne4 Ba6 14. Qc5 Qd7 15. a3 Qa4 16. Nd2 Rfb8 17. b3 Qd7 18. Bb2 a4 19. b4 Rb5 20. Qc2 Rb6 21. Ne4 Qb5 22. Qd2 Rc6 23. Nc5 Nb6 24. Bc3 Qc4 25. Rc1 Bb5 26. f3 Qd5 27. Ba1 Qh5 28. Kf2 Rd8 29. Qb2 Qh6 30. Rc2 Rd5 31. Qc1 Qh3 32. Ne4 Rxc2 33. Qxc2 f5 34. Ng5 Qh6 35. Qxc7 Qxg5 36. Qxb6 Qh6 37. h4 Kf7 38. Qc7+ Rd7 39. Qc5 Rd5 40. Qc3 Qh5 41. Qc7+ Rd7 42. Qb8 Rd5 43. Rc1 Ke7 0-1